<?xml version="1.0" encoding="UTF-8"?>
<record
    xmlns:xsi="http://www.w3.org/2001/XMLSchema-instance"
    xsi:schemaLocation="http://www.loc.gov/MARC21/slim http://www.loc.gov/standards/marcxml/schema/MARC21slim.xsd"
    xmlns="http://www.loc.gov/MARC21/slim">

  <leader>00332nam a22001097a 4500</leader>
  <datafield tag="040" ind1=" " ind2=" ">
    <subfield code="c">HS</subfield>
  </datafield>
  <datafield tag="082" ind1=" " ind2=" ">
    <subfield code="a">658</subfield>
  </datafield>
  <datafield tag="100" ind1=" " ind2=" ">
    <subfield code="a">&#x1784;&#x17C9;&#x17C4; &#x1794;&#x17CA;&#x17BB;&#x1793;&#x1790;&#x17B6;&#x1793;</subfield>
  </datafield>
  <datafield tag="245" ind1=" " ind2=" ">
    <subfield code="a">&#x1780;&#x17B6;&#x179A;&#x1782;&#x17D2;&#x179A;&#x1794;&#x17CB;&#x1782;&#x17D2;&#x179A;&#x1784;&#x1782;&#x17C6;&#x179A;&#x17C4;&#x1784;&#x17A2;&#x1797;&#x17B8;&#x179C;&#x178C;&#x17D2;&#x178D;&#x1793;&#x17CD; project management</subfield>
  </datafield>
  <datafield tag="260" ind1=" " ind2=" ">
    <subfield code="a">RUA</subfield>
    <subfield code="b">&#x1784;&#x17C9;&#x17C4; &#x1794;&#x17CA;&#x17BB;&#x1793;&#x1790;&#x17B6;&#x1793;</subfield>
    <subfield code="c">2007</subfield>
  </datafield>
  <datafield tag="942" ind1=" " ind2=" ">
    <subfield code="c">KB</subfield>
  </datafield>
  <datafield tag="999" ind1=" " ind2=" ">
    <subfield code="c">8694</subfield>
    <subfield code="d">8694</subfield>
  </datafield>
  <datafield tag="952" ind1=" " ind2=" ">
    <subfield code="0">0</subfield>
    <subfield code="1">0</subfield>
    <subfield code="4">0</subfield>
    <subfield code="6">658_000000000000000_&#x1784;&#x17C4;_2007_C237</subfield>
    <subfield code="7">0</subfield>
    <subfield code="9">49332</subfield>
    <subfield code="a">LBC</subfield>
    <subfield code="b">LBC</subfield>
    <subfield code="c">C237</subfield>
    <subfield code="d">2016-08-09</subfield>
    <subfield code="o">658 &#x1784;&#x17C9;&#x17C4; 2007 C237</subfield>
    <subfield code="p">RUA44316</subfield>
    <subfield code="r">2016-08-09</subfield>
    <subfield code="y">KB</subfield>
  </datafield>
  <datafield tag="952" ind1=" " ind2=" ">
    <subfield code="0">0</subfield>
    <subfield code="1">0</subfield>
    <subfield code="4">0</subfield>
    <subfield code="6">658_000000000000000_&#x1784;&#x17C4;_2007_C063</subfield>
    <subfield code="7">0</subfield>
    <subfield code="9">51864</subfield>
    <subfield code="a">LBC</subfield>
    <subfield code="b">LBC</subfield>
    <subfield code="c">C063</subfield>
    <subfield code="d">2016-09-07</subfield>
    <subfield code="o">658 &#x1784;&#x17C9;&#x17C4; 2007 C063</subfield>
    <subfield code="p">RUA043113</subfield>
    <subfield code="r">2016-09-07</subfield>
    <subfield code="y">KB</subfield>
  </datafield>
  <datafield tag="952" ind1=" " ind2=" ">
    <subfield code="0">0</subfield>
    <subfield code="1">0</subfield>
    <subfield code="4">0</subfield>
    <subfield code="6">658_&#x1784;&#x17C4;_2007_000000000000000_C236</subfield>
    <subfield code="7">0</subfield>
    <subfield code="9">51889</subfield>
    <subfield code="a">LBC</subfield>
    <subfield code="b">LBC</subfield>
    <subfield code="c">C236</subfield>
    <subfield code="d">2016-09-08</subfield>
    <subfield code="o">658&#x200B;&#x200B;&#x200B; &#x1784;&#x17C9;&#x17C4; 2007 C236</subfield>
    <subfield code="p">RUA043133</subfield>
    <subfield code="r">2016-09-08</subfield>
    <subfield code="y">KB</subfield>
  </datafield>
</record>
